A manual for emigrants : especially emigrants from the "British Isles," arriving at the various Atlantic ports in the United States of America /

Bibliographic Details
Main Author: Webb, Charles Henry, 1834-1905
Format: eBook
Language:English
Published: New York : W. Osborn, 1849.
Series:North American immigrant letters, diaries and oral histories.
Subjects:
Online Access:Connect to the full text of this electronic book

MARC

Tag First Indicator Second Indicator Subfields
LEADER 00000cam a22000001i 4500
001 in00002499521
005 20190327173815.0
006 m | d |
007 cr |n ---||a|a
008 910617s1849 nyu s 000 0 eng d
035 |9 (DLC) 09033494 
035 |a (OCoLC)23948035 
035 |a (VaAlASP)ASPS00009830/imld 
040 |a DLC  |c CU  |d DLC  |d VaAlASP  |d UtOrBLW 
050 0 0 |a JV6543  |b .W4 
100 1 |a Webb, Charles Henry,  |d 1834-1905. 
245 1 2 |a A manual for emigrants :  |b especially emigrants from the "British Isles," arriving at the various Atlantic ports in the United States of America /  |c By C.H. Webb. 
264 1 |a New York :  |b W. Osborn,  |c 1849. 
300 |a viii, [9]-48 pages ;  |c 19 cm. 
336 |a text  |b txt  |2 rdacontent 
337 |a computer  |b c  |2 rdamedia 
338 |a online resource  |b cr  |2 rdacarrier 
533 |a Electronic reproduction.  |b Alexandria, VA :  |c Alexander Street Press,  |d 2005.  |f (North American immigrant letters, diaries and oral histories).  |n Available via World Wide Web. 
500 |a Electronic resource. 
651 0 |a United States  |x Emigration and immigration. 
776 1 |c Original  |w (DLC) 09033494 
830 0 |a North American immigrant letters, diaries and oral histories. 
856 4 0 |z Connect to the full text of this electronic book  |u http://proxy.library.tamu.edu/login?url=http://www.aspresolver.com/aspresolver.asp?IMLD;S9830  |t 0 
999 |a MARS 
999 f f |s 25a1d542-92e5-36e3-9dd1-c03f7ced9b79  |i 82d66350-656d-38a1-82ef-07613e274152  |t 0 
952 f f |a Texas A&M University  |b College Station  |c Electronic Resources  |d Available Online  |t 0  |e JV6543 .W4  |h Library of Congress classification 
998 f f |a JV6543 .W4  |t 0  |l Available Online